Quiz sulla Cina - Statistics

Statistiche generali
  • Questo quiz è stato fatto 2.114 volte
    2.111 dall'ultimo reset
  • Il punteggio medio è 14 su 27
Statistiche sulle risposte
Hint Risposta % Corretto
Qual è la capitale della Cina? Pechino
99%
Ramo della lingua cinese #1 Mandarino
88%
Quale animale mitologico viene spesso utilizzato per rappresentare la Cina? Drago
75%
Quale ex colonia britannica è stata restituita alla Cina nel 1997? Hong Kong
75%
Quali sono i due fiumi più lunghi della Cina? Giallo
72%
Chi è stato il primo leader della Cina comunista? Mao Zedong
72%
Qual è il nome completo della Cina? {Repubblica} {Popolare} Cinese
68%
Qual è il deserto più grande della Cina? Gobi
64%
Qual è la montagna più alta della Cina? Monte Everest
57%
Quale ex colonia portoghese è tornata in Cina nel 1999? Macao
53%
Quale paese ha annesso la Cina nel 1950? Tibet
52%
Qual è l'animale nazionale cinese? Panda Gigante
51%
Qual è il nome del complesso dove un tempo viveva l'imperatore della Cina? La Città {Proibita}
50%
Quali erano le quattro "Grandi Invenzioni" dell'antica Cina? Fabbricazione della Carta
47%
Quale piazza fu il luogo delle proteste per la democrazia e di un sanguinoso massacro nel 1989? Piazza {Tiananmen}
46%
Chi era il filosofo più influente nell'antica Cina? Confucio
45%
Quali erano le quattro "Grandi Invenzioni" dell'antica Cina? Polvere da Sparo
45%
Ramo della lingua cinese #3 Yue / Cantonese
43%
Qual è la valuta della Cina? Renminbi
42%
Ci sono dodici animali nello zodiaco cinese. Quale viene prima? Topo
38%
Quale religione/tradizione filosofica segue gli insegnamenti di Laozi? Taoismo
36%
Qual è il nome informale della parte più nord-orientale della Cina? Manciuria
33%
Quali erano le quattro "Grandi Invenzioni" dell'antica Cina? Bussola
29%
Ramo della lingua cinese #2 Wu / Shanghainese
23%
Quali erano le quattro "Grandi Invenzioni" dell'antica Cina? Stampa
21%
Qual è l'isola più grande della Cina? Hainan
19%
Quali sono i due fiumi più lunghi della Cina? Yangtze
18%
Nessun quiz corrispondente trovato
Distribuzione punteggi
Percentuale di utenti per punteggio
Percentile per numero di risposta
I tuoi punteggi nel tempo
Non hai fatto questo quiz dall'ultimo reset